Most Streamed Artists On Spotify - Statistics

General Stats
  • This quiz has been taken 714 times
  • The average score is 10 of 21
Answer Stats
Streams Genre Answer % Correct
101.9B Rap Drake
91%
88.3B Pop Taylor Swift
88%
83.2B Latin Rap Bad Bunny
73%
37.2B Rap Kendrick Lamar
69%
50.1B Rap Eminem
63%
67.6B R&B The Weeknd
63%
40.1B K-Pop BTS
62%
47.4B Rap Kanye West
56%
48.7B Pop Ariana Grande
47%
48.1B Rap Travis Scott
46%
43.1B Pop Rihanna
45%
54.5B Pop Ed Sheeran
41%
54.2B Pop Justin Bieber
41%
33.5B Pop Bruno Mars
38%
37.6B Pop Billie Eilish
33%
39.1B Rap Future
33%
35.5B Rap Nicki Minaj
31%
44.4B Rap Post Malone
27%
36.8B Rap Juice WRLD
21%
42.8B Reggaeton J Balvin
16%
37.5B Reggaeton Ozuna
7%
No matching quizzes found
Score Distribution
Percent of People with Each Score
Percentile by Number Answered
Your Score History
You have not taken this quiz